000
00327nam a2200145Ia 4500
008
230917s9999||||xx |||||||||||||| ||und||
040
_e
105696
_a
MAIN
041
_a
English
082
_a
658.3 R18F
100
_a
Rao,T V
245
0
_a
Future of H RD
260
_a
Delhi
_b
Macmillan
_c
2003
300
_a
218p p.
942
_c
BK
999
_c
122235
_d
122235